| 000 | 00571nam a22001937a 4500 | ||
|---|---|---|---|
| 003 | AR-RoIUNI | ||
| 005 | 20190816150813.0 | ||
| 008 | 190816b xxu||||| |||| 00| 0 spa d | ||
| 040 | _cIUNIR | ||
| 080 | _a001 | ||
| 100 | 1 | _aRiccobelli, Nicolás | |
| 245 | 1 | 0 |
_aPrevención de la Nefropatía por contraste endovenoso _c, [director] ,[co-director] |
| 260 |
_aRosario _bIUNIR |
||
| 300 | _a29 p. | ||
| 490 | 1 | _aCarrera de especialización en Nefrología | |
| 650 | 1 | 0 |
_9310 _aNefrología |
| 830 |
_9583 _aCarrera de especialización en Nefrología |
||
| 942 |
_2cdu _cESP |
||
| 999 |
_c5042 _d5042 |
||